[Event "Titled Tuesday intern op 05th Sep Early"]
[Site "Chess.com INT"]
[Date "2023.09.05"]
[Round "9"]
[White "Dhiaulhaq, Zacky"]
[Black "Bobadilla Viera, Jorge Samuel"]
[Result "1-0"]
[WhiteElo "2047"]
[BlackElo "2397"]
[PlyCount "115"]
[EventDate "2023.09.05"]
[EventType "swiss (blitz)"]
[EventRounds "11"]
[EventCountry "USA"]
[SourceTitle "EXT 2024"]
[Source "ChessBase"]
[SourceDate "2023.10.10"]
[SourceVersion "1"]
[SourceVersionDate "2023.10.10"]
[SourceQuality "1"]

1. d4 Nf6 2. Bf4 d5 3. e3 c5 4. Nf3 Nc6 5. Nbd2 cxd4 6. exd4 Bg4 7. c3 e6 8. Qb3 Qc8 9. h3 Bh5 10. g4 Bg6 11. Nh4 Be4 12. Nxe4 Nxe4 13. Nf3 Bd6 14. Bxd6 Nxd6 15. Bg2 0-0 16. 0-0 Ne7 17. Rfe1 Ng6 18. Qc2 b5 19. Bf1 Qc7 20. Rac1 a5 21. Ne5 Rfc8 22. a3 b4 23. axb4 axb4 24. Qb3 Nxe5 25. dxe5 Ne4 26. Qxb4 Qxe5 27. Bg2 Rab8 28. Qd4 Qxd4 29. cxd4 Nf6 30. b4 g5 31. Rxc8+ Rxc8 32. b5 Rb8 33. Bf1 Ne8 34. Rc1 Nd6 35. Rc5 Kf8 36. f3 Ke7 37. Kf2 h6 38. Ke3 f5 39. Kd2 Ra8 40. Bd3 Ra2+ 41. Kc3 Ra3+ 42. Kc2 Ra2+ 43. Kb3 Rd2 44. Kc3 Ra2 45. b6 Ra3+ 46. Kc2 Ra4 47. Rc7+ Kd8 48. Rh7 Rb4 49. Rxh6 fxg4 50. fxg4 Ke7 51. Rh7+ Kd8 52. Rg7 Rxb6 53. Rxg5 Ke7 54. Rg7+ Kf6 55. Rc7 Rb4 56. Rc6 Rxd4 57. Rxd6 Ke5 58. Ra6 1-0

[Event "Titled Tuesday intern op 05th Sep Early"]
[Site "Chess.com INT"]
[Date "2023.09.05"]
[Round "11"]
[White "Dhiaulhaq, Zacky"]
[Black "Matinian, Nikita"]
[Result "1-0"]
[WhiteElo "2047"]
[BlackElo "2421"]
[PlyCount "35"]
[EventDate "2023.09.05"]
[EventType "swiss (blitz)"]
[EventRounds "11"]
[EventCountry "USA"]
[SourceTitle "EXT 2024"]
[Source "ChessBase"]
[SourceDate "2023.10.10"]
[SourceVersion "1"]
[SourceVersionDate "2023.10.10"]
[SourceQuality "1"]

1. d4 Nf6 2. Bf4 g6 3. Nc3 d5 4. e3 Bg7 5. h4 h5 6. Nf3 0-0 7. Ne5 c5 8. Qd2 Nc6 9. f3 cxd4 10. exd4 Qb6 11. 0-0-0 Be6 12. Na4 Qd8 13. Nc5 Nxe5 14. Bxe5 Qc8 15. g4 hxg4 16. h5 b6 17. h6 Ne4 18. hxg7 1-0

[Event "Titled Tuesday intern op 05th Sep Early"]
[Site "Chess.com INT"]
[Date "2023.09.05"]
[Round "4"]
[White "Dhiaulhaq, Zacky"]
[Black "Paravyan, David"]
[Result "0-1"]
[WhiteElo "2047"]
[BlackElo "2599"]
[PlyCount "84"]
[EventDate "2023.09.05"]
[EventType "swiss (blitz)"]
[EventRounds "11"]
[EventCountry "USA"]
[SourceTitle "EXT 2024"]
[Source "ChessBase"]
[SourceDate "2023.10.10"]
[SourceVersion "1"]
[SourceVersionDate "2023.10.10"]
[SourceQuality "1"]

1. d4 d5 2. Bf4 c5 3. e3 Nc6 4. Nf3 Nf6 5. Nbd2 Qb6 6. dxc5 Qxb2 7. Rb1 Qc3 8. Bb5 e6 9. 0-0 Be7 10. e4 0-0 11. e5 Nd7 12. Nb3 Qb4 13. Nbd4 Qxc5 14. Re1 Nxd4 15. Nxd4 a6 16. Bd3 g6 17. Nf3 b5 18. h4 Qc7 19. Bh6 Re8 20. Qd2 Nc5 21. Ng5 Bf8 22. Bxf8 Rxf8 23. h5 Ra7 24. Rb4 Qd8 25. Rg4 f5 26. exf6 Rxf6 27. Nxh7 Rxh7 28. Bxg6 Rg7 29. Qh6 Qe7 30. Re5 Ne4 31. f3 Qc5+ 32. Kh2 Qc7 33. g3 Rfxg6 34. hxg6 Qxe5 35. fxe4 Qf6 36. Rh4 Qf2+ 37. Kh3 e5+ 38. g4 Qf3+ 39. Kh2 Qf2+ 40. Kh1 Qf1+ 41. Kh2 Qf4+ 42. Kh1 Qxh6 0-1

[Event "Titled Tuesday intern op 05th Sep Early"]
[Site "Chess.com INT"]
[Date "2023.09.05"]
[Round "10"]
[White "Dimitrov, Atanas Valtchev"]
[Black "Dhiaulhaq, Zacky"]
[Result "1/2-1/2"]
[WhiteElo "2269"]
[BlackElo "2047"]
[PlyCount "135"]
[EventDate "2023.09.05"]
[EventType "swiss (blitz)"]
[EventRounds "11"]
[EventCountry "USA"]
[SourceTitle "EXT 2024"]
[Source "ChessBase"]
[SourceDate "2023.10.10"]
[SourceVersion "1"]
[SourceVersionDate "2023.10.10"]
[SourceQuality "1"]

1. Nf3 Nf6 2. c4 g6 3. g3 Bg7 4. Bg2 0-0 5. 0-0 c6 6. Nc3 d5 7. cxd5 cxd5 8. d4 Nc6 9. Ne5 e6 10. Nxc6 bxc6 11. Bf4 Nd7 12. Na4 Ba6 13. Rc1 Rc8 14. Bd6 Re8 15. Nc5 Nxc5 16. Bxc5 Qa5 17. a3 Qb5 18. Bf3 Qxb2 19. Rb1 Qc3 20. Qa4 Bb5 21. Qxa7 Ra8 22. Qb6 Reb8 23. Qc7 Bxd4 24. Rfc1 Be5 25. Qe7 Qd2 26. e3 Ba4 27. Bb4 Qd3 28. Bg2 Bc2 29. Bf1 Qf5 30. Bh3 Qxh3 31. Rxc2 Rxa3 32. Rxc6 Qf5 33. Rbc1 Raa8 34. Qc5 Kg7 35. Bc3 Bxc3 36. Qxc3+ Qf6 37. Qxf6+ Kxf6 38. Kg2 Rb2 39. R1c2 Rb1 40. Rc1 Rb4 41. Rc7 Rab8 42. Rd7 R8b7 43. Rd8 Ra7 44. Rc2 g5 45. Rh8 Ra1 46. Rxh7 g4 47. h3 gxh3+ 48. Rxh3 Rbb1 49. Kf3 Rf1 50. Rh8 e5 51. Rh5 Ke6 52. e4 Ra3+ 53. Kg2 Rd1 54. exd5+ Rxd5 55. Re2 f6 56. f4 Rdd3 57. Rh3 Kf5 58. fxe5 fxe5 59. Rh5+ Kg4 60. Rh4+ Kf5 61. Rh5+ Kg6 62. Rhxe5 Rxg3+ 63. Kf2 Raf3+ 64. Ke1 Rg1+ 65. Kd2 Rgg3 66. R5e3 Rxe3 67. Rxe3 Rxe3 68. Kxe3 1/2-1/2

[Event "Titled Tuesday intern op 05th Sep Early"]
[Site "Chess.com INT"]
[Date "2023.09.05"]
[Round "2"]
[White "Saya, Ethan"]
[Black "Dhiaulhaq, Zacky"]
[Result "0-1"]
[WhiteElo "2265"]
[BlackElo "2047"]
[PlyCount "98"]
[EventDate "2023.09.05"]
[EventType "swiss (blitz)"]
[EventRounds "11"]
[EventCountry "USA"]
[SourceTitle "EXT 2024"]
[Source "ChessBase"]
[SourceDate "2023.10.10"]
[SourceVersion "1"]
[SourceVersionDate "2023.10.10"]
[SourceQuality "1"]

1. d4 Nf6 2. c4 g6 3. g3 c6 4. Bg2 d5 5. Nf3 Bg7 6. 0-0 0-0 7. Qb3 dxc4 8. Qxc4 Bf5 9. Nc3 Nbd7 10. Re1 Ne4 11. Nd2 Nb6 12. Qb3 Nxd2 13. Bxd2 Qxd4 14. Be3 Qc4 15. Qa3 Rfe8 16. Rac1 Qe6 17. Rcd1 Nc4 18. Qc5 Nxe3 19. Qxe3 Qxe3 20. fxe3 Bh6 21. Kf2 Rad8 22. Ne4 Bc8 23. Rd3 f5 24. Nc5 Rd6 25. Red1 Red8 26. b4 Bf8 27. b5 b6 28. Nb3 cxb5 29. Nd4 a6 30. Nc6 Rxd3 31. Rxd3 Rxd3 32. exd3 Kf7 33. Bd5+ e6 34. Bb3 Bd6 35. d4 Bd7 36. d5 e5 37. e4 Kf6 38. Kf3 a5 39. Bc2 f4 40. gxf4 exf4 41. Bd3 Bxc6 42. dxc6 b4 43. Bc4 a4 44. Bb5 b3 45. Bc4 b5 46. c7 Bxc7 47. axb3 bxc4 48. bxa4 Ke5 49. a5 Bxa5 0-1

[Event "Titled Tuesday intern op 05th Sep Early"]
[Site "Chess.com INT"]
[Date "2023.09.05"]
[Round "3"]
[White "Silva Lucena, Cristian"]
[Black "Dhiaulhaq, Zacky"]
[Result "0-1"]
[WhiteElo "2335"]
[BlackElo "2047"]
[PlyCount "64"]
[EventDate "2023.09.05"]
[EventType "swiss (blitz)"]
[EventRounds "11"]
[EventCountry "USA"]
[SourceTitle "EXT 2024"]
[Source "ChessBase"]
[SourceDate "2023.10.10"]
[SourceVersion "1"]
[SourceVersionDate "2023.10.10"]
[SourceQuality "1"]

1. e4 e5 2. Nf3 Nc6 3. Bc4 Nf6 4. d4 exd4 5. e5 d5 6. Bb5 Ne4 7. Nxd4 Bc5 8. 0-0 Bd7 9. Bxc6 bxc6 10. Nb3 Bb6 11. a4 Qh4 12. Qe1 a5 13. N1d2 Ng5 14. Kh1 Bf5 15. c3 Bd3 16. f4 Qxe1 17. Rxe1 Bf2 18. Rg1 Bxg1 19. Kxg1 Ne4 20. Nf3 0-0 21. Nbd4 c5 22. Nf5 Rfe8 23. Ne3 c6 24. g3 Rab8 25. Ng4 Be2 26. Kg2 Bxf3+ 27. Kxf3 c4 28. Ra2 Nc5 29. Nf2 Nb3 30. Be3 c5 31. Ng4 d4 32. Bf2 h5 0-1

[Event "Titled Tuesday intern op 06th Jun Early"]
[Site "Chess.com INT"]
[Date "2023.06.06"]
[Round "6"]
[White "Dhiaulhaq, Zacky"]
[Black "Aravindh, Chithambaram VR"]
[Result "1-0"]
[WhiteElo "2047"]
[BlackElo "2627"]
[PlyCount "193"]
[EventDate "2023.06.06"]
[EventType "swiss (blitz)"]
[EventRounds "11"]
[EventCountry "USA"]
[SourceTitle "EXT 2024"]
[Source "ChessBase"]
[SourceDate "2023.10.10"]
[SourceVersion "1"]
[SourceVersionDate "2023.10.10"]
[SourceQuality "1"]

1. d4 c5 2. d5 e5 3. Nc3 d6 4. e4 Be7 5. Be2 Bg5 6. Nf3 Bxc1 7. Qxc1 Ne7 8. Nd2 0-0 9. 0-0 Ng6 10. Nc4 a6 11. a4 b6 12. g3 f5 13. exf5 Bxf5 14. Qd2 Ra7 15. Bd3 Ne7 16. Ne4 Bxe4 17. Bxe4 Nf5 18. f4 exf4 19. Rxf4 Raf7 20. Raf1 Nh6 21. Qd3 Rxf4 22. Bxh7+ Kh8 23. Rxf4 Rxf4 24. gxf4 b5 25. axb5 axb5 26. Ne3 c4 27. Qe4 Nd7 28. Bg6 Nc5 29. Qe8+ Qxe8 30. Bxe8 Na4 31. Bxb5 Nxb2 32. Bxc4 Na4 33. Bb5 Nc3 34. Bd3 Kg8 35. Kf2 Kf7 36. Ke1 Kf6 37. Kd2 Nb1+ 38. Kc1 Nc3 39. Kb2 Na4+ 40. Kb3 Nc5+ 41. Kc4 Ng8 42. Kd4 Ne7 43. Nc4 Nxd3 44. cxd3 Nf5+ 45. Ke4 g6 46. Ne3 Ne7 47. h4 Ng8 48. f5 Nh6 49. fxg6 Kxg6 50. Kf4 Ng8 51. Nf5 Nf6 52. Nxd6 Nxd5+ 53. Ke5 Nb4 54. d4 Kh5 55. Nf5 Kg4 56. Ke4 Kh5 57. Kf4 Nd3+ 58. Kg3 Nb4 59. Ne3 Nd3 60. d5 Nc5 61. Ng2 Kg6 62. Kf4 Kf6 63. h5 Nd3+ 64. Ke4 Nc5+ 65. Kd4 Nd7 66. Nf4 Kg5 67. Ke4 Kf6 68. d6 Kg5 69. Kd5 Kxf4 70. h6 Kg5 71. h7 Nf6+ 72. Kc6 Nxh7 73. d7 Kf5 74. d8Q Nf6 75. Qe7 Ne4 76. Kd5 Nf6+ 77. Kd4 Ng4 78. Qf7+ Kg5 79. Ke4 Nf6+ 80. Kf3 Kf5 81. Ke3 Ke5 82. Qg6 Nd5+ 83. Kf3 Nf6 84. Qg5+ Ke6 85. Kf4 Nd5+ 86. Ke4 Nf6+ 87. Kd4 Nd7 88. Qd5+ Ke7 89. Qc6 Nf8 90. Ke5 Nd7+ 91. Kf5 Nf8 92. Qb7+ Nd7 93. Qc7 Ke8 94. Ke6 Nf8+ 95. Kd6 Ng6 96. Qg7 Ne7 97. Qxe7# 1-0

[Event "Titled Tuesday intern op 06th Jun Early"]
[Site "Chess.com INT"]
[Date "2023.06.06"]
[Round "5"]
[White "Redzisz, Michal"]
[Black "Dhiaulhaq, Zacky"]
[Result "0-1"]
[WhiteElo "2269"]
[BlackElo "2047"]
[PlyCount "32"]
[EventDate "2023.06.06"]
[EventType "swiss (blitz)"]
[EventRounds "11"]
[EventCountry "USA"]
[SourceTitle "EXT 2024"]
[Source "ChessBase"]
[SourceDate "2023.10.10"]
[SourceVersion "1"]
[SourceVersionDate "2023.10.10"]
[SourceQuality "1"]

1. e4 e5 2. Nf3 Nc6 3. Bb5 a6 4. Bxc6 dxc6 5. h3 f6 6. d3 Be6 7. Nbd2 c5 8. Nc4 Qd7 9. a4 0-0-0 10. b3 Ne7 11. Ba3 Nc6 12. Qd2 g5 13. 0-0-0 h5 14. Qe3 g4 15. hxg4 Bxg4 16. Bxc5 Bh6 0-1